Schematic "Cut-and-dried" Models for Global Risk of Financial System

Globálny ekonomický vývoj ovplyvnený stagnáciou v eurozóne, recesiou v Ázii a geopolitickými krízami je ovplyvnený doteraz nepredikovanými rizikami nielen v oblasti finančníctva, ale aj rizikami v celkovom vývoji výkonu hospodárstva. Doteraz používané nástroje priamych opatrení neprinášajú rýchly a...

Descrizione completa

Salvato in:
Dettagli Bibliografici
Autore principale: Hocman, František, 1983-
Natura: Capitolo di libro
Lingua:inglese
Soggetti:
Tags: Aggiungi Tag
Nessun Tag, puoi essere il primo ad aggiungerne!!

MARC

LEADER 00000naa$a2200000$$$4500
001 0229047
005 20240502083617.3
041 0 |a eng 
044 |a BG 
245 1 0 |a Schematic "Cut-and-dried" Models for Global Risk of Financial System  |c František Hocman 
520 |a Globálny ekonomický vývoj ovplyvnený stagnáciou v eurozóne, recesiou v Ázii a geopolitickými krízami je ovplyvnený doteraz nepredikovanými rizikami nielen v oblasti finančníctva, ale aj rizikami v celkovom vývoji výkonu hospodárstva. Doteraz používané nástroje priamych opatrení neprinášajú rýchly a efektívny progres, preto je potrebné štandardizovať netradičné nástroje na meranie rizík krajín, nielen z pohľadu tradičných indikátorov, ale omnoho potrebnejších neštandardizovaných nástrojov naviazaných na parciálne ukazovatele výkonnosti ekonomiky. Analýza rizika - stručný prehľad literatúry, histórie a postupov. Schéma vyhodnocovania rizika, meranie rizika. Prehľad európskej a slovenskej legislatívy. 
610 2 0 |a financie 
610 2 0 |a riziko finančné 
610 2 0 |a rating 
610 2 0 |a riadenie rizík 
610 2 0 |a Európska únia 
610 2 0 |a Slovensko 
610 2 0 |a oživenie 
100 1 |a Hocman, František, 1983-